Ry Cooder Discography - Statistics

General Stats
  • This quiz has been taken 2 times
  • The average score is 15 of 32
Answer Stats
Type Year Name % Correct
Album 1980 Borderline
100%
Collaborative Album 1997 Buena Vista Social Club
100%
Album 1976 Chicken Skin Music
100%
Album 1987 Get Rhythm
100%
Album 1978 Jazz
100%
Collaborative Album 1993 A Meeting by the River
50%
Album 1972 Boomer's Story
50%
Album 1979 Bop til You Drop
50%
Album 2005 Chávez Ravine
50%
Album 2012 Election Special
50%
Album 2008 I, Flathead
50%
Album 1972 Into the Purple Valley
50%
Group Album 1992 Little Village
50%
Collaborative Album 2003 Mambo Sinuendo
50%
Soundtrack Compilation 1995 Music by Ry Cooder
50%
Album 2007 My Name Is Buddy
50%
Album 1974 Paradise and Lunch
50%
Album 2011 Pull Up Some Dust and Sit Down
50%
Group Album 1992 Rising Sons
50%
Album 1970 Ry Cooder
50%
Collaborative Album 2010 San Patricio
50%
Album 1977 Show Time
50%
Compilation 2008 The Ry Cooder Anthology: The UFO Has Landed
50%
Compilation 1986 Why Don't You Try Me Tonight
50%
Collaborative Album 2000 Hollow Bamboo
0%
Collaborative Album 1972 Jamming with Edward!
0%
Collaborative Live Album 2013 Live in San Francisco
0%
Compilation 1994 River Rescue - The Very Best of Ry Cooder
0%
Collaborative Album 1988 Ry Cooder and the Moula Banda Rhythm Aces: Let's Have a Ball
0%
Collaborative Album 1994 Talking Timbutktu
0%
Collaborative Album 1967 Tanyet
0%
Collaborative Album 1995 The Long Black Veil
0%
No matching quizzes found
Score Distribution
Percent of People with Each Score
Percentile by Number Answered
Your Score History
You have not taken this quiz